|
|
|
|
| LEADER |
00927nam a2200217 a 4500 |
| 001 |
541542 |
| 008 |
090819s1996 si a b 000 0 eng d |
| 020 |
|
|
|a 9810223080
|
| 040 |
|
|
|a CWR
|c CWR
|
| 082 |
0 |
0 |
|a 532/.5015118
|2 21
|
| 245 |
1 |
0 |
|a Mathematical modeling and simulation in hydrodynamic stability /
|c edited by Daniel N Riahi
|
| 260 |
|
|
|a Singapore ;
|a River Edge, NJ :
|b World Scientific,
|c c1996.
|
| 300 |
|
|
|a vii, 190 p. :
|b ill. ;
|c 22 cm.
|
| 504 |
|
|
|a Includes bibliographical references.
|
| 541 |
1 |
|
|e 00014637
|
| 650 |
|
0 |
|a Hydrodynamics
|x Mathematical models.
|
| 650 |
|
0 |
|a Stability
|x Mathematical models.
|
| 700 |
1 |
|
|a Riahi, Daniel N.
|
| 852 |
4 |
|
|a Ayesha Abed Library
|j General shelf
|
| 999 |
|
|
|c 3606
|d 3606
|
| 952 |
|
|
|0 0
|1 0
|2 ddc
|4 0
|6 532_501511800000000_MAT_1996
|7 0
|9 3273
|a BRACUL
|b BRACUL
|c GEN
|d 2009-09-02
|g 0.00
|l 1
|m 15
|o 532.5015118 MAT
|p 3010014637
|r 2022-07-16
|s 2022-03-03
|t 1
|w 2009-09-02
|y BK
|x No price found in the accession register.
|